Η ζωή μου : η αλήθεια για τις κρίσιμες στιγμές της ιστορίας του Έθνους από το 1915-1980
Αποθηκεύτηκε σε:
| Κύριος συγγραφέας: | |
|---|---|
| Μορφή: | Βιβλίο |
| Γλώσσα: | Greek |
| Δημοσίευση: |
Αθήνα :
Γιαλλελής,
1985.
|
| Θέματα: | |
| Ετικέτες: |
Προσθήκη ετικέτας
Δεν υπάρχουν, Καταχωρήστε ετικέτα πρώτοι!
|
MARC
| LEADER | 00000cam a2200000 i 4500 | ||
|---|---|---|---|
| 001 | 1/3702 | ||
| 008 | 100127s1985 gr | ||| |||| ||gre|| | ||
| 035 | |l 10106469 | ||
| 040 | |a GR-MyUA |b gre |e AACR2 | ||
| 041 | 0 | |a gre | |
| 082 | 0 | |a 938.7092 |2 (22) | |
| 100 | 1 | |a Κανελλόπουλος, Παναγιώτης Κ., |d 1902-1986. | |
| 245 | 1 | 2 | |a Η ζωή μου : |b η αλήθεια για τις κρίσιμες στιγμές της ιστορίας του Έθνους από το 1915-1980 / |c Παναγιώτης Κανελλόπουλος ; αφήγηση στην Νινέτα Κοντράρου-Ρασσιά. |
| 260 | |a Αθήνα : |b Γιαλλελής, |c 1985. | ||
| 300 | |a 206 σ. : |b εικ. ; |c 23 εκ. | ||
| 600 | 1 | 0 | |a Κανελλόπουλος, Παναγιώτης Κ., |d 1902-1986. |
| 650 | 0 | 0 | |a Prime ministers |z Greece |x Biography. |
| 651 | 0 | |a Greece |x Politics and government |y 20th century. | |
| 852 | |a INST |b SAMOS |e 20100127 |h 938.7092 ΚΑΝ |p 005300030756 |q 005300030756 |t BK |y 0 | ||
| 901 | |a BIBL3-2010-1 | ||
| 970 | |a ΡΟΥΣΣΟΥ |b ΚΩΝΣΤΑΝΤΙΝΑ |z 2010/01/27 | ||